[Event "Stuttgarter Stadtmeisterschaft 2010 B"]
[Site "Ditzingen"]
[Date "2010.05.15"]
[Round "5.6"]
[White "Buzan, Raffael"]
[Black "Mages, Steffen"]
[Result "0-1"]
[WhiteElo "1746"]
[BlackElo "1865"]
[PlyCount "144"]
[EventDate "2010.??.??"]
[WhiteTeam "SAbt VfL Sindelfingen"]
[BlackTeam "SK Schwäbisch Hall"]

1. d4 d5 2. c4 e6 3. Nc3 Nf6 4. cxd5 exd5 5. e3 c6 6. Bd3 Bb4 7. Bd2 Qe7 8.
Nge2 O-O 9. Na4 Bxd2+ 10. Qxd2 Ne4 11. Qc2 f5 12. Nc5 Nd7 13. Nb3 Ndf6 14. h3
b6 15. Bxe4 Qb4+ 16. Qd2 Qxd2+ 17. Nxd2 fxe4 18. Rc1 Bb7 19. O-O Ba6 20. Rfe1
Rac8 21. b4 Rf7 22. Nf1 Rfc7 23. Nf4 Kf7 24. Ng3 g6 25. Nfe2 Bc4 26. Rc2 Ra8
27. Nc3 a5 28. Rb2 b5 29. a4 bxa4 30. Nxa4 Bb5 31. Nc3 a4 32. Rc1 a3 33. Ra2
Bc4 34. Raa1 Bd3 35. Ra2 Ke6 36. Rca1 Rca7 37. Nb1 Bxb1 38. Rxb1 Kd7 39. Ne2
Ne8 40. Nc3 Nc7 41. b5 cxb5 42. Nxb5 Rb7 43. Nc3 Rxb1+ 44. Nxb1 Nb5 45. Kf1 Ra4
46. Ke1 Rb4 47. Nxa3 Ra4 48. Nxb5 Rxa2 49. Nc3 Ra1+ 50. Ke2 Ke6 51. f3 Rc1 52.
Na4 Rc2+ 53. Kf1 exf3 54. Nc5+ Ke7 55. gxf3 Rh2 56. Nd3 Rxh3 57. Kg2 Rh4 58.
Ne5 Rh5 59. Nc6+ Kd6 60. Ne5 Rxe5 61. dxe5+ Kxe5 62. Kg3 Kf5 63. Kh3 g5 64. Kg3
h5 65. Kh3 g4+ 66. Kg2 gxf3+ 67. Kxf3 Ke5 68. Ke2 Ke4 69. Kf2 h4 70. Ke2 h3 71.
Kf2 h2 72. Kg2 Kxe3 0-1

[Event "Stuttgarter Stadtmeisterschaft 2010 B"]
[Site "Ditzingen"]
[Date "2010.05.15"]
[Round "5.7"]
[White "Luft, Jakob"]
[Black "Spiegelberg, Silvia"]
[Result "1-0"]
[WhiteElo "1862"]
[BlackElo "1609"]
[PlyCount "71"]
[EventDate "2010.??.??"]
[WhiteTeam "SV Untertürkheim e.V."]
[BlackTeam "SK Freiburg Zähringen 1887 e.V."]

1. e4 e5 2. Nf3 Nc6 3. Bb5 a6 4. Ba4 Nf6 5. O-O Be7 6. Bxc6 dxc6 7. Nxe5 Nxe4
8. d4 Be6 9. Re1 Nf6 10. c4 Qd6 11. Bf4 Qb4 12. Nd2 Qxb2 13. Ndf3 Bf5 14. Nd3
Qc3 15. Nc5 b6 16. Na4 Qxc4 17. Rc1 Qxa2 18. Bxc7 Nd5 19. Bd6 Kd7 20. Bxe7 Rhe8
21. Re2 Bc2 22. Qxc2 Qxc2 23. Rexc2 Rxe7 24. Ne5+ Ke8 25. Rxc6 Rd8 26. Nxb6 Nb4
27. Rc8 Rb7 28. Rxd8+ Kxd8 29. Na4 f6 30. Nc5 Rb6 31. Nc4 Rc6 32. Rb1 Nd5 33.
Rb8+ Ke7 34. Rb7+ Kf8 35. Kf1 h6 36. g3 1-0

[Event "Stuttgarter Stadtmeisterschaft 2010 B"]
[Site "Ditzingen"]
[Date "2010.05.15"]
[Round "5.8"]
[White "Winkler, Tim"]
[Black "Hartmann, Lorenz"]
[Result "1/2-1/2"]
[WhiteElo "1736"]
[BlackElo "1860"]
[PlyCount "70"]
[EventDate "2010.??.??"]
[WhiteTeam "SF Deizisau"]
[BlackTeam "SC Heitersheim"]

1. e4 d6 2. d4 Nf6 3. Nc3 g6 4. Nf3 Bg7 5. Be3 O-O 6. Be2 c6 7. O-O b5 8. a3 a5
9. Qd2 Ba6 10. Rfe1 b4 11. axb4 axb4 12. Na2 Nxe4 13. Qxb4 Bxe2 14. Rxe2 Qa5
15. Ree1 Nd7 16. Qxa5 Rxa5 17. Nb4 Rxa1 18. Rxa1 Rc8 19. c3 e6 20. Nd2 Nxd2 21.
Bxd2 c5 22. dxc5 dxc5 23. Nd3 Nb6 24. Be3 Bf8 25. b4 Nd5 26. Bxc5 Nxc3 27. Kf1
Nd5 28. Bxf8 Kxf8 29. b5 Rb8 30. Rb1 Nc3 31. Rb3 Nxb5 32. Nc5 Ke7 33. Ne4 Rb7
34. Nc5 Rb6 35. Ne4 Rb7 1/2-1/2

[Event "Stuttgarter Stadtmeisterschaft 2010 B"]
[Site "Ditzingen"]
[Date "2010.05.15"]
[Round "5.9"]
[White "Ellinger, Harald"]
[Black "Parvin, Shahram"]
[Result "1-0"]
[WhiteElo "1854"]
[BlackElo "1471"]
[PlyCount "100"]
[EventDate "2010.??.??"]
[WhiteTeam "SK e4 Gerlingen"]
[BlackTeam "SK Ricklingen"]

1. Nf3 d5 2. d4 c5 3. e3 Bg4 4. Be2 e6 5. O-O Nd7 6. a3 Ngf6 7. dxc5 Bxc5 8. b4
Bd6 9. c4 Bxf3 10. Bxf3 Ne5 11. cxd5 Nxf3+ 12. Qxf3 exd5 13. Bb2 O-O 14. Bxf6
gxf6 15. Rd1 Qc7 16. g3 Be5 17. Ra2 Rad8 18. Rad2 Kh8 19. Rxd5 b6 20. Qe4 Rfe8
21. Qd3 Rxd5 22. Qxd5 Kg7 23. b5 Qc8 24. Kg2 f5 25. Qd7 Qa8+ 26. Qd5 Qc8 27.
Qd3 Bf6 28. Qe2 Re5 29. Qd2 Rxb5 30. Rc1 Rc5 31. Rxc5 bxc5 32. Nc3 Qa6 33. Qc2
Qxa3 34. Nd5 a5 35. Qxf5 Qa1 36. Nf4 Be5 37. Nh5+ Kh6 38. h4 f6 39. Qg4 Qb1 40.
e4 Qb7 41. Qf5 Qe7 42. g4 a4 43. f4 Bxf4 44. Qxf4+ Kg6 45. Qf5+ Kf7 46. g5 Qe5
47. Qxh7+ Ke8 48. Nxf6+ Qxf6 49. gxf6 Kd8 50. Qe7+ Kc8 1-0

[Event "Stuttgarter Stadtmeisterschaft 2010 B"]
[Site "Ditzingen"]
[Date "2010.05.15"]
[Round "5.11"]
[White "Balija, Cerim"]
[Black "Leroy, Patrick"]
[Result "0-1"]
[WhiteElo "1608"]
[BlackElo "1835"]
[PlyCount "62"]
[EventDate "2010.??.??"]
[WhiteTeam "Mönchfelder SV 1967"]

1. e4 d6 2. d4 g6 3. b3 Bg7 4. Bb2 c5 5. Bc4 Nf6 6. Qe2 Nc6 7. Bb5 Bd7 8. dxc5
dxc5 9. Nf3 O-O 10. O-O Qc7 11. Nc3 Nd4 12. Nxd4 cxd4 13. Nd5 Nxd5 14. Bxd7
Qxd7 15. exd5 Qxd5 16. Qxe7 Rfe8 17. Qb4 Rac8 18. Qd2 Qc5 19. Rac1 Re6 20. Qd3
Rd6 21. g3 Bh6 22. f4 Bg7 23. Rf2 Re8 24. Qf3 Qb6 25. Kg2 Re3 26. Qd1 Rde6 27.
f5 Qc6+ 28. Kh3 Rd6 29. Qf1 gxf5 30. Rf4 Rh6+ 31. Rh4 Rxh4+ 0-1

[Event "Stuttgarter Stadtmeisterschaft 2010 B"]
[Site "Ditzingen"]
[Date "2010.05.15"]
[Round "5.12"]
[White "Tölg, Wolfgang"]
[Black "Rieder, Josef"]
[Result "1-0"]
[WhiteElo "1756"]
[BlackElo "1886"]
[PlyCount "79"]
[EventDate "2010.??.??"]
[WhiteTeam "SF Oeffingen e.V."]
[BlackTeam "Stuttgarter SF 1879"]

1. e4 c5 2. Nf3 d6 3. d4 cxd4 4. Nxd4 Nf6 5. Nc3 a6 6. f3 Nc6 7. Bc4 e6 8. Be3
Be7 9. O-O O-O 10. Qd2 Qc7 11. Bb3 Na5 12. Rac1 Nc4 13. Bxc4 Qxc4 14. Qd3 Qc7
15. Rcd1 b5 16. a3 Bb7 17. Nde2 d5 18. exd5 Nxd5 19. Nxd5 Bxd5 20. Bf4 Bc5+ 21.
Kh1 Qe7 22. c3 Rad8 23. Qc2 e5 24. Bg3 f5 25. Rfe1 Qf6 26. Nc1 e4 27. Nb3 Bb6
28. f4 Qf7 29. Nd4 Bc4 30. Bf2 Bd3 31. Qd2 Bc4 32. Qc2 Rfe8 33. Be3 Bxd4 34.
Rxd4 Rxd4 35. Bxd4 Qd5 36. Re3 Bb3 37. Qf2 Qc4 38. h3 Qc6 39. Rg3 g6 40. Re3 {
Zeit} 1-0

[Event "Stuttgarter Stadtmeisterschaft 2010 B"]
[Site "Ditzingen"]
[Date "2010.05.15"]
[Round "5.13"]
[White "Drapchin, Marc"]
[Black "Hua, Qi Cheng"]
[Result "0-1"]
[WhiteElo "1830"]
[BlackElo "1656"]
[PlyCount "84"]
[EventDate "2010.??.??"]
[WhiteTeam "SV Dicker Turm Esslingen"]
[BlackTeam "SC Magstadt"]

1. e4 c6 2. d4 d5 3. e5 Bf5 4. Bd3 Bxd3 5. Qxd3 e6 6. Nf3 Nd7 7. O-O c5 8. c3
c4 9. Qc2 b5 10. a3 h6 11. Nbd2 Ne7 12. Re1 Nc6 13. b4 cxb3 14. Nxb3 Rc8 15.
Qb2 Na5 16. Nxa5 Qxa5 17. Bd2 Rc4 18. Reb1 a6 19. Ne1 Qc7 20. Nc2 Nb6 21. Ne3
Rc6 22. Rc1 Be7 23. g3 O-O 24. f4 Rc8 25. Qb3 Bd8 26. f5 Bg5 27. fxe6 fxe6 28.
Kf2 Na4 29. Nxd5 exd5 30. Qxd5+ Qf7+ 31. Qxf7+ Kxf7 32. Bxg5 hxg5 33. Kf3 Rxc3+
34. Rxc3 Rxc3+ 35. Ke4 Rc4 36. Rf1+ Ke6 37. Rf5 Rxd4+ 38. Kxd4 Kxf5 39. Kd5
Nb6+ 40. Kc6 Nc4 41. Kb7 Kxe5 42. Kxa6 Nxa3 0-1

[Event "Stuttgarter Stadtmeisterschaft 2010 B"]
[Site "Ditzingen"]
[Date "2010.05.15"]
[Round "5.15"]
[White "Bried, Martin"]
[Black "Häfele, Torsten"]
[Result "1-0"]
[WhiteElo "1796"]
[BlackElo "1640"]
[PlyCount "61"]
[EventDate "2010.??.??"]
[WhiteTeam "Sabt SpVgg Rommelshausen"]
[BlackTeam "SVG Vaihingen/Enz"]

1. c4 f5 2. Nc3 Nf6 3. d4 g6 4. Nf3 d6 5. e3 Bg7 6. b3 O-O 7. Bb2 Qe8 8. Be2 a5
9. O-O Na6 10. a3 c6 11. b4 Nc7 12. b5 cxb5 13. cxb5 b6 14. Rc1 Kh8 15. Qd2 Ne4
16. Nxe4 fxe4 17. Rxc7 exf3 18. Bxf3 Rxf3 19. gxf3 Bh3 20. d5 Bxf1 21. Bxg7+
Kxg7 22. Qb2+ Kg8 23. Kxf1 Qf7 24. Qd4 Rf8 25. Qe4 Qxf3 26. Qxf3 Rxf3 27. Rxe7
Rf5 28. e4 Rf3 29. Rd7 Rxa3 30. Rxd6 Re3 31. f3 1-0

[Event "Stuttgarter Stadtmeisterschaft 2010 B"]
[Site "Ditzingen"]
[Date "2010.05.15"]
[Round "5.16"]
[White "Wezel, Sebastian"]
[Black "Körber, Christian"]
[Result "1/2-1/2"]
[WhiteElo "1793"]
[BlackElo "1669"]
[PlyCount "39"]
[EventDate "2010.??.??"]
[WhiteTeam "SV Dettingen Erms"]
[BlackTeam "SF Fürth 1951 e.V."]

1. e4 d5 2. exd5 Qxd5 3. Nc3 Qa5 4. Nf3 Bg4 5. h3 Bh5 6. b4 Qb6 7. Be2 e6 8.
O-O Nf6 9. Ne5 Bxe2 10. Qxe2 Bxb4 11. Rb1 Qa5 12. Nb5 O-O 13. Rxb4 Qxb4 14.
Nxc7 Nbd7 15. Nxd7 Nxd7 16. Nxa8 Rxa8 17. Qe3 Qc4 18. Qb3 Qxb3 19. axb3 Rc8 20.
c3 1/2-1/2

[Event "Stuttgarter Stadtmeisterschaft 2010 B"]
[Site "Ditzingen"]
[Date "2010.05.15"]
[Round "5.17"]
[White "Uhlarz, Jörg"]
[Black "Strauss, Martin"]
[Result "1/2-1/2"]
[WhiteElo "1792"]
[BlackElo "1618"]
[PlyCount "93"]
[EventDate "2010.??.??"]
[WhiteTeam "SC Mühlacker 1923 e.V."]
[BlackTeam "SC Sillenbuch"]

1. d4 Nf6 2. c4 g6 3. Nc3 d5 4. Nf3 Bg7 5. g3 c6 6. cxd5 Nxd5 7. Bg2 Bf5 8.
Nxd5 Qxd5 9. O-O Nd7 10. Ng5 Qxd4 11. Qb3 O-O 12. Qxb7 Rab8 13. Qxc6 Rfc8 14.
Qf3 Ne5 15. Qa3 Bf6 16. e4 Nc4 17. Qa4 Bd7 18. Qd1 Qxd1 19. Rxd1 Ba4 20. Re1
Nxb2 21. e5 Nd3 22. exf6 Nxe1 23. fxe7 Nd3 24. Be3 Rc7 25. Bf1 Rd7 26. Bxa7
Rxa7 27. Bxd3 Rxe7 28. Rc1 h6 29. Nf3 Rd8 30. Bf1 Rd1 31. Rxd1 Bxd1 32. Nh4 Ra7
33. Bc4 Kg7 34. Ng2 Bc2 35. h4 Bb1 36. h5 Bxa2 37. Bxa2 Rxa2 38. hxg6 fxg6 39.
Ne3 g5 40. Kg2 Kg6 41. g4 Rd2 42. Nf1 Rd4 43. Kg3 Rd3+ 44. Kg2 h5 45. gxh5+
Kxh5 46. Ng3+ Kg4 47. Nf1 1/2-1/2

[Event "Stuttgarter Stadtmeisterschaft 2010 B"]
[Site "Ditzingen"]
[Date "2010.05.15"]
[Round "5.19"]
[White "Pocrnic, Josip"]
[Black "Bay, Johannes"]
[Result "1-0"]
[WhiteElo "1816"]
[BlackElo "1650"]
[PlyCount "51"]
[EventDate "2010.??.??"]

1. e4 b6 2. g3 Bb7 3. Bg2 f5 4. d3 Nf6 5. Nc3 e6 6. Nge2 Bb4 7. O-O fxe4 8.
Nxe4 Nxe4 9. dxe4 Nc6 10. Nf4 Qf6 11. Be3 O-O-O 12. c3 Be7 13. Qd2 Ne5 14. Qe2
g5 15. Nd3 Ba6 16. Rfd1 Bxd3 17. Rxd3 Nxd3 18. Qxd3 e5 19. b4 h5 20. a4 g4 21.
Qa6+ Kb8 22. a5 c5 23. bxc5 bxc5 24. Rb1+ Kc7 25. Rb7+ Kc8 26. Rb6+ 1-0

[Event "Stuttgarter Stadtmeisterschaft 2010 B"]
[Site "Ditzingen"]
[Date "2010.05.15"]
[Round "5.20"]
[White "Hartmann, Anatoli"]
[Black "Hennig, Jan"]
[Result "1-0"]
[WhiteElo "1591"]
[BlackElo "1783"]
[PlyCount "47"]
[EventDate "2010.??.??"]
[WhiteTeam "SC Gross-Sachsenheim"]
[BlackTeam "SF 59 Kornwestheim"]

1. d4 Nf6 2. Bf4 g6 3. Nc3 Bg7 4. e4 d6 5. e5 Nh5 6. Qf3 Nxf4 7. Qxf4 O-O 8.
O-O-O Nc6 9. Nf3 e6 10. Ne4 d5 11. Ned2 a5 12. h4 f6 13. Qe3 Ne7 14. Bd3 c6 15.
exf6 Rxf6 16. Ne5 Nf5 17. Bxf5 exf5 18. f4 Re6 19. Ndf3 b5 20. h5 Ra7 21. hxg6
hxg6 22. Ng5 Bxe5 23. dxe5 Ree7 24. Qh3 1-0

[Event "Stuttgarter Stadtmeisterschaft 2010 B"]
[Site "Ditzingen"]
[Date "2010.05.15"]
[Round "5.21"]
[White "Zaytsev, Evgeny"]
[Black "Schöfzig, Winfried"]
[Result "0-1"]
[WhiteElo "1775"]
[BlackElo "1648"]
[PlyCount "74"]
[EventDate "2010.??.??"]

1. e4 d6 2. d4 Nf6 3. Nd2 e5 4. c3 c6 5. Ngf3 Qc7 6. Bd3 g6 7. O-O Bg7 8. dxe5
dxe5 9. Ng5 h6 10. Ngf3 O-O 11. Qc2 Nbd7 12. Nb3 a5 13. a4 b6 14. h3 Rd8 15.
Be3 Nf8 16. Nbd2 Be6 17. Ne1 Nh5 18. Be2 Nf4 19. Bc4 Rxd2 20. Bxd2 Bxc4 21. Nf3
Bxf1 22. Rxf1 N8e6 23. Be3 b5 24. Nd2 Rb8 25. Rb1 Qe7 26. Nb3 Qg5 27. Bxf4 Nxf4
28. f3 Rd8 29. Kh2 Nh5 30. Rd1 Qf4+ 31. Kg1 Qe3+ 32. Kh2 Rxd1 33. Qxd1 bxa4 34.
Nxa5 Qf2 35. Nxc6 Nf4 36. Ne7+ Kh7 37. Qh1 Bf6 0-1

[Event "Stuttgarter Stadtmeisterschaft 2010 B"]
[Site "Ditzingen"]
[Date "2010.05.15"]
[Round "5.22"]
[White "Mainik, Andreas"]
[Black "Wendland, Tobias"]
[Result "1-0"]
[WhiteElo "1773"]
[BlackElo "1630"]
[PlyCount "99"]
[EventDate "2010.??.??"]

1. e4 e6 2. d4 d5 3. Nd2 Nf6 4. e5 Nfd7 5. Bd3 c5 6. c3 Nc6 7. Ne2 cxd4 8. cxd4
Be7 9. O-O O-O 10. f4 Qb6 11. Nf3 f6 12. Kh1 f5 13. Rg1 Kh8 14. g4 g6 15. Qf1
Qd8 16. Qh3 Rg8 17. Bd2 b6 18. Rg2 Bb7 19. Rag1 fxg4 20. Rxg4 Nf8 21. Bxg6 Nxg6
22. Rxg6 Rxg6 23. Rxg6 Qe8 24. Rxe6 Bc8 25. Ng5 h5 26. Rh6+ Kg7 27. Rh7+ Kg8
28. Qxh5 Qxh5 29. Rxh5 Bg4 30. Rh6 Nxe5 31. fxe5 Bxe2 32. Rg6+ Kf8 33. Rc6 Ke8
34. Kg2 Kd7 35. Rc2 Bc4 36. b3 Bd3 37. Rc1 Ba3 38. Re1 Rc8 39. e6+ Ke7 40. Nf3
Be4 41. Kg3 Rc2 42. Re2 Ke8 43. Ng5 Bc1 44. Nxe4 dxe4 45. Bxc1 Rxe2 46. d5 Rxa2
47. d6 Ra1 48. d7+ Ke7 49. Bg5+ Kxe6 50. d8=Q 1-0

[Event "Stuttgarter Stadtmeisterschaft 2010 B"]
[Site "Ditzingen"]
[Date "2010.05.15"]
[Round "5.23"]
[White "Helmbrecht, Kurt"]
[Black "Srokovskiy, Andrea"]
[Result "1/2-1/2"]
[WhiteElo "1627"]
[BlackElo "1726"]
[PlyCount "47"]
[EventDate "2010.??.??"]

1. e4 c5 2. Nf3 a6 3. d4 cxd4 4. Nxd4 Nf6 5. Nc3 e5 6. Nb3 Bb4 7. Bd2 Nc6 8.
Bd3 O-O 9. a3 Be7 10. O-O d5 11. exd5 Nxd5 12. Qf3 Nxc3 13. Bxc3 Bf6 14. Rad1
Qe7 15. Rfe1 Re8 16. Be4 Bd7 17. Rd3 Rac8 18. Qd1 Red8 19. f4 Be6 20. fxe5 Bxe5
21. Bxe5 Nxe5 22. Bxh7+ Kxh7 23. Rxe5 Qc7 24. Rc5 1/2-1/2

[Event "Stuttgarter Stadtmeisterschaft 2010 B"]
[Site "Ditzingen"]
[Date "2010.05.15"]
[Round "5.24"]
[White "Marx, Alexander"]
[Black "Domingos, Antonio"]
[Result "1-0"]
[WhiteElo "1570"]
[BlackElo "1715"]
[PlyCount "117"]
[EventDate "2010.??.??"]

1. d4 e6 2. e4 d5 3. Nc3 Nf6 4. e5 Nfd7 5. Qg4 c5 6. Nf3 a6 7. Qg3 Nc6 8. dxc5
Nxc5 9. a3 b5 10. b4 Nd7 11. Bb2 Qc7 12. O-O-O Nb6 13. Rd2 Bd7 14. Bd3 Rb8 15.
Re2 Nc4 16. Nxd5 Qb7 17. Nc3 a5 18. Bxc4 bxc4 19. b5 a4 20. Kd2 Na7 21. Nd4
Nxb5 22. Ndxb5 Bxb5 23. Rb1 Bc6 24. Re3 g6 25. Qf4 Rd8+ 26. Ke1 Bxg2 27. Qxc4
Qd7 28. Qxa4 Bc6 29. Qb3 Qc7 30. Nb5 Qa5+ 31. Bc3 Qxb5 32. Qxb5 Bxb5 33. Rxb5
Ra8 34. Bb4 Bxb4+ 35. axb4 O-O 36. Ra5 Rac8 37. c3 Rfd8 38. Ke2 Rc4 39. Rd3
Rdc8 40. Kd2 Rf4 41. Ke2 Re4+ 42. Kf3 Rec4 43. Ra3 h5 44. Rb3 h4 45. b5 g5 46.
b6 g4+ 47. Kg2 Ra4 48. Rd7 Kg7 49. b7 Rb8 50. Rc7 Ra7 51. c4 Kg6 52. c5 Rd8 53.
c6 h3+ 54. Kg3 Ra1 55. Rc8 Kg5 56. f4+ gxf3 57. Rxf3 Rd4 58. Rg8+ Kh6 59. b8=Q
1-0

[Event "Stuttgarter Stadtmeisterschaft 2010 B"]
[Site "Ditzingen"]
[Date "2010.05.15"]
[Round "5.25"]
[White "Weigel, Curt"]
[Black "Schreiber, Stephan"]
[Result "1/2-1/2"]
[WhiteElo "1554"]
[BlackElo "1703"]
[PlyCount "50"]
[EventDate "2010.??.??"]

1. c4 Nf6 2. Nc3 g6 3. e4 d6 4. d4 Bg7 5. f4 O-O 6. e5 dxe5 7. fxe5 Ne8 8. Nf3
e6 9. Be2 f6 10. O-O fxe5 11. Bg5 Bf6 12. Bxf6 Nxf6 13. Nxe5 Nbd7 14. Nf3 b6
15. Ng5 Qe7 16. Bf3 Rb8 17. Nb5 Ne8 18. Qd2 Rf5 19. Nxe6 Ndf6 20. Nf4 Ne4 21.
Qe3 Bb7 22. Bg4 Rf6 23. Rae1 N8d6 24. Qb3 c5 25. d5 Qf8 1/2-1/2

[Event "Stuttgarter Stadtmeisterschaft 2010 B"]
[Site "Ditzingen"]
[Date "2010.05.15"]
[Round "5.26"]
[White "Wenzel, Ulrich"]
[Black "Steimbach, Isabel"]
[Result "1-0"]
[WhiteElo "1699"]
[BlackElo "1543"]
[PlyCount "71"]
[EventDate "2010.??.??"]

1. d4 d5 2. Nf3 e6 3. e3 c5 4. c3 a6 5. Bd3 Nf6 6. Nbd2 c4 7. Bc2 Nc6 8. O-O
Be7 9. e4 dxe4 10. Nxe4 Nxe4 11. Bxe4 Bd7 12. Qe2 b5 13. Bf4 Rc8 14. Rfe1 O-O
15. Rad1 Re8 16. Ne5 Nxe5 17. Bxe5 Bf6 18. Bb7 Bxe5 19. Bxc8 Bxh2+ 20. Kxh2
Qc7+ 21. Qe5 Qxc8 22. Re3 f6 23. Qf4 Qb8 24. Qxb8 Rxb8 25. f4 Kf7 26. d5 Rb6
27. dxe6+ Bxe6 28. a3 a5 29. Kg3 h5 30. Rd2 b4 31. axb4 axb4 32. Rd4 bxc3 33.
bxc3 Rc6 34. Kh4 g6 35. Rde4 Rc7 36. Rxe6 1-0

[Event "Stuttgarter Stadtmeisterschaft 2010 B"]
[Site "Ditzingen"]
[Date "2010.05.15"]
[Round "5.27"]
[White "Reiß, Michael"]
[Black "Gheng, Hannelore"]
[Result "1-0"]
[WhiteElo "1509"]
[BlackElo "1692"]
[PlyCount "59"]
[EventDate "2010.??.??"]

1. e4 c5 2. Nf3 d6 3. d4 cxd4 4. Nxd4 Nf6 5. Nc3 g6 6. Be2 Bg7 7. Be3 O-O 8.
Qd2 Nc6 9. O-O-O Ng4 10. Bxg4 Bxg4 11. f3 Bd7 12. h4 Ne5 13. Qe2 Rc8 14. Kb1
Nc4 15. Bc1 Qb6 16. Nd5 Na3+ 17. Ka1 Qc5 18. Nxe7+ Kh8 19. Nxc8 Bxd4 20. Ne7
Bb5 21. Qd2 Rd8 22. c3 Bf6 23. Nd5 Nc4 24. Qe1 Bg7 25. h5 Ba4 26. b3 Nb6 27.
Bb2 Bc6 28. Nxb6 axb6 29. hxg6 fxg6 30. Qh4 1-0

[Event "Stuttgarter Stadtmeisterschaft 2010 B"]
[Site "Ditzingen"]
[Date "2010.05.15"]
[Round "5.28"]
[White "Hengster, Pascal"]
[Black "Philippin, Otto"]
[Result "1/2-1/2"]
[WhiteElo "1514"]
[BlackElo "1692"]
[PlyCount "41"]
[EventDate "2010.??.??"]

1. d4 d6 2. e4 Nd7 3. Nf3 e5 4. c3 Ngf6 5. Bd3 Be7 6. Bg5 O-O 7. Nbd2 Re8 8. d5
Nc5 9. Bc2 a5 10. Bxf6 Bxf6 11. Nb3 Nd7 12. a4 b6 13. Bd3 Ba6 14. Bb5 Bxb5 15.
axb5 a4 16. Nbd2 Nc5 17. O-O Qd7 18. Qe2 Ra5 19. c4 Rea8 20. Ra3 Nb3 21. Qe3
1/2-1/2

[Event "Stuttgarter Stadtmeisterschaft 2010 B"]
[Site "Ditzingen"]
[Date "2010.05.15"]
[Round "5.29"]
[White "Moll, Nino"]
[Black "Duran, Suat"]
[Result "0-1"]
[WhiteElo "1336"]
[BlackElo "1687"]
[PlyCount "94"]
[EventDate "2010.??.??"]

1. b3 d5 2. Bb2 Nf6 3. Bxf6 exf6 4. e3 Bd6 5. Nf3 c6 6. d4 Bf5 7. Bd3 Qd7 8. c3
Qe6 9. Qc2 Be4 10. Bxe4 dxe4 11. Nfd2 f5 12. O-O Qh6 13. g3 Nd7 14. Nc4 Bc7 15.
Qe2 Nf6 16. h4 g5 17. hxg5 Qxg5 18. Kg2 Rg8 19. Rh1 Rg7 20. Nbd2 h5 21. Rh3 h4
22. Nf1 O-O-O 23. Ne5 Bxe5 24. dxe5 Nd7 25. Rd1 Nxe5 26. Rxd8+ Kxd8 27. Qd2+
Nd3 28. Kh2 hxg3+ 29. Rxg3 Rh7+ 30. Rh3 Rxh3+ 31. Kxh3 Qg4+ 32. Kh2 Ke7 33. Ng3
Ke6 34. c4 Qf3 35. Kg1 f4 36. Qe2 fxg3 37. Qxf3 exf3 38. fxg3 Ke5 39. a4 a5 40.
c5 Ke4 41. g4 Kxe3 42. g5 Ke2 43. g6 fxg6 44. b4 f2+ 45. Kh2 f1=Q 46. b5 Kf3
47. bxc6 Qg2# 0-1

[Event "Stuttgarter Stadtmeisterschaft 2010 B"]
[Site "Ditzingen"]
[Date "2010.05.15"]
[Round "5.30"]
[White "Lebeda, Lukas"]
[Black "Giugno, Carmelo"]
[Result "1/2-1/2"]
[WhiteElo "1686"]
[BlackElo "1506"]
[PlyCount "51"]
[EventDate "2010.??.??"]
[WhiteTeam "SF Deizisau"]
[BlackTeam "Stuttgarter SF 1879"]

1. c4 Nf6 2. Nc3 g6 3. Nf3 Bg7 4. g3 d6 5. d4 O-O 6. Bg2 Nc6 7. O-O Bf5 8. a3
Qc8 9. Re1 Rd8 10. e4 Bg4 11. Qd3 e5 12. d5 Bxf3 13. Qxf3 Nd4 14. Qd1 c5 15.
Ne2 Qg4 16. Nxd4 Qxd1 17. Rxd1 cxd4 18. f3 Rac8 19. Bf1 Nd7 20. Bd2 Nc5 21. Be1
Nb3 22. Rab1 Bh6 23. Rd3 Nc5 24. Rdd1 Nb3 25. Kg2 Rf8 26. Rd3 1/2-1/2

[Event "Stuttgarter Stadtmeisterschaft 2010 B"]
[Site "Ditzingen"]
[Date "2010.05.15"]
[Round "5.31"]
[White "Götzfried, Rudolf"]
[Black "Vogel, Karlheinz"]
[Result "1/2-1/2"]
[WhiteElo "1668"]
[BlackElo "1408"]
[PlyCount "228"]
[EventDate "2010.??.??"]

1. d4 f5 2. c4 g6 3. Nc3 Nf6 4. Nf3 Bg7 5. e3 d6 6. Be2 O-O 7. Qb3 Nc6 8. O-O
e5 9. dxe5 dxe5 10. Rd1 Qe7 11. Nd5 Nxd5 12. cxd5 Na5 13. d6+ Qe6 14. Qxe6+
Bxe6 15. Ng5 Bc4 16. Bxc4+ Nxc4 17. d7 Bf6 18. Ne6 e4 19. Nxf8 Kxf8 20. b3 Nd6
21. Rb1 Ke7 22. Ba3 Kxd7 23. Rd5 Ke6 24. Rbd1 Rd8 25. Bxd6 cxd6 26. f3 exf3 27.
gxf3 Bg5 28. Kf2 Be7 29. Kg3 Rc8 30. e4 fxe4 31. fxe4 Rc2 32. R1d2 Rc5 33. Kf3
Rc3+ 34. R2d3 Rc2 35. Rd2 Rc1 36. h4 Rh1 37. Kg3 Rxh4 38. Rxd6+ Bxd6+ 39. Kxh4
Bf4 40. Rd5 g5+ 41. Kg4 b6 42. Kf3 h5 43. Rd8 Bd6 44. Rh8 h4 45. Kg4 Be7 46.
Ra8 a5 47. Rb8 Bc5 48. Kxg5 h3 49. Rh8 Ke5 50. Rxh3 Kxe4 51. Kf6 Kd5 52. Kf5
Kc6 53. Ke6 Kb5 54. Rh4 Ba3 55. Kd5 Bb4 56. a4+ Ka6 57. Kc6 Bc5 58. Rh8 Ka7 59.
Kc7 Bd4 60. Rd8 Be3 61. Kc6 Bc5 62. Rd7+ Ka6 63. Kc7 Ka7 64. Kc8+ Ka6 65. Kb8
b5 66. Rd5 Ba7+ 67. Kc7 Bb6+ 68. Kc6 bxa4 69. bxa4 Be3 70. Rd8 Bb6 71. Rd6 Be3
72. Kc7+ Ka7 73. Rc6 Bd4 74. Kd6 Bb6 75. Kd5 Kb7 76. Re6 Bf2 77. Kc4 Bb6 78.
Kb5 Bd8 79. Rd6 Bc7 80. Rd7 Kc8 81. Kc6 Bd8 82. Rb7 Bf6 83. Ra7 Kb8 84. Rxa5
Bc3 85. Ra6 Bd4 86. Ra5 Ba7 87. Rb5+ Ka8 88. Kc7 Bd4 89. Rd5 Be3 90. Rd8+ Ka7
91. Kc6 Bf2 92. a5 Be3 93. a6 Bf2 94. Kb5 Be3 95. Rd7+ Ka8 96. Kc6 Bf2 97. Rb7
Bd4 98. Rd7 Be3 99. Kb5 Bf2 100. a7 Bxa7 101. Ka6 Bb8 102. Rb7 Be5 103. Kb6 Bb8
104. Rf7 Be5 105. Rf5 Bd4+ 106. Kc7 Be3 107. Rf8+ Ka7 108. Rf3 Bb6+ 109. Kc6
Bd4 110. Ra3+ Kb8 111. Rb3+ Ka8 112. Rb7 Be3 113. Re7 Bf4 114. Re8+ Bb8 1/2-1/2

[Event "Stuttgarter Stadtmeisterschaft 2010 B"]
[Site "Ditzingen"]
[Date "2010.05.15"]
[Round "5.32"]
[White "Felser, Martin"]
[Black "Pfeilsticker, Thorsten"]
[Result "1/2-1/2"]
[WhiteElo "1894"]
[BlackElo "1635"]
[PlyCount "56"]
[EventDate "2010.??.??"]

1. c4 Nf6 2. g3 e6 3. Bg2 d5 4. Nf3 b6 5. O-O Bb7 6. d3 Bd6 7. Nbd2 O-O 8. a3
Nbd7 9. Qc2 c6 10. b3 Re8 11. Bb2 e5 12. e3 Rc8 13. Rab1 Ba8 14. b4 c5 15. b5
d4 16. e4 h6 17. Bc1 Nf8 18. Bh3 Rc7 19. Nh4 g6 20. a4 N8h7 21. a5 Ng5 22. Bg2
Qd7 23. Ndf3 Nxf3+ 24. Nxf3 Kg7 25. Ra1 Bb7 26. Bd2 Ng8 27. Ra2 f6 28. Rfa1 Qe6
1/2-1/2

[Event "Stuttgarter Stadtmeisterschaft 2010 B"]
[Site "Ditzingen"]
[Date "2010.05.15"]
[Round "5.33"]
[White "Wang, Julia"]
[Black "Wendland, Viktor"]
[Result "0-1"]
[WhiteElo "1722"]
[BlackElo "1588"]
[PlyCount "118"]
[EventDate "2010.??.??"]

1. e4 e6 2. d4 d5 3. Nc3 Nf6 4. Bg5 Be7 5. e5 Nfd7 6. h4 h6 7. Qh5 a6 8. Nh3 c5
9. Nf4 Nf8 10. dxc5 hxg5 11. Qxh8 gxf4 12. O-O-O g6 13. h5 gxh5 14. Rxh5 Nc6
15. Ne4 Qa5 16. Nd6+ Kd8 17. Nxf7+ Kc7 18. Rd3 Bd7 19. Nd6 Qe1+ 20. Rd1 Qxf2
21. Rh3 Nb4 22. Bd3 Qxg2 23. Rh2 Qf3 24. Qg7 Nxa2+ 25. Kb1 Qxd1+ 26. Kxa2 Bxd6
27. exd6+ Kc6 28. Qd4 b6 29. Kb3 Qf3 30. cxb6 Kb7 31. Rf2 Qe3 32. Rxf4 Qxd4 33.
Rxd4 Kxb6 34. Rb4+ Kc6 35. c4 Kxd6 36. cxd5 exd5 37. Rb6+ Kc5 38. Rf6 a5 39.
Kc3 d4+ 40. Kb3 Rb8+ 41. Ka3 Be6 42. Bc2 d3 43. Ba4 d2 44. Rf4 Bc4 45. Rf2 Rd8
46. Bd1 Ne6 47. Rf5+ Kb6 48. Re5 Nc5 49. Rf5 Rd3+ 50. b3 a4 51. Rf6+ Kb5 52.
Rf8 Bxb3 53. Rb8+ Kc4 54. Bh5 Bd1+ 55. Ka2 Bxh5 56. Rc8 Rd5 57. Rb8 d1=Q 58.
Kb2 Rd2+ 59. Ka3 Qa1# 0-1

[Event "Stuttgarter Stadtmeisterschaft 2010 B"]
[Site "Ditzingen"]
[Date "2010.05.15"]
[Round "5.34"]
[White "Knolmayer, Volker"]
[Black "Grözinger, Werner"]
[Result "1-0"]
[WhiteElo "1714"]
[BlackElo "1340"]
[PlyCount "75"]
[EventDate "2010.??.??"]

1. e4 c5 2. Nf3 e6 3. Be2 a6 4. c4 d6 5. Nc3 Nc6 6. O-O g6 7. d4 cxd4 8. Nxd4
Ne5 9. f4 Nc6 10. Be3 Bg7 11. Rb1 Nge7 12. a3 O-O 13. Bf3 Qc7 14. Nxc6 Nxc6 15.
Qc2 Nd4 16. Qd3 Nxf3+ 17. gxf3 f5 18. Na4 Bd7 19. Nb6 Rad8 20. Nxd7 Rxd7 21. b3
Rfd8 22. Rf2 Rc8 23. h4 h5 24. Rg2 Kh7 25. Kf2 Bf6 26. Rh2 Qd8 27. Rbh1 Qe7 28.
Kg3 Rg8 29. Rd1 Qd8 30. b4 Be7 31. Qc3 Bf6 32. Qb3 e5 33. fxe5 dxe5 34. Rxd7+
Qxd7 35. Bf2 Qd2 36. Kh3 Qc1 37. Kg2 Qd2 38. Kh3 1-0